O mistério das portas mal fechadas (Registo nº 6613)
[ vista simples ]
| 000 -Etiqueta do registo | |
|---|---|
| Valores | 00798nam a22002291i 4500 |
| 090 ## - | |
| -- | 6613 |
| 010 ## - Número ISBN | |
| ISBN | 9789722105071 |
| 100 ## - Dados gerais de processamento | |
| Dados gerais | 20170304u u u0frey50 ba |
| 101 0# - Língua de publicação | |
| -- | por |
| 200 1# - Titulo e menção de responsabilidade | |
| Primeira menção de responsabilidade | Carlos Correia |
| Título próprio | O mistério das portas mal fechadas |
| 215 ## - Descrição física | |
| Paginação / Volumes | 118 p, |
| Outras indicações físicas | il. |
| Dimensões | 18 cm |
| 210 ## - Publicação | |
| Nome do editor | Caminho |
| Local de publicação | Lisboa |
| Data de publicação | imp. 1990 |
| 225 2# - Colecção | |
| Título próprio da colecção | 1001 detectives |
| Indicação de volume | 8 |
| 410 #0 - | |
| -- | 1001 detectives |
| 702 #1 - Autor secundário (pessoa individual) | |
| Apelido | Cimo |
| Nome | João do |
| -- | 440 |
| 701 #1 - Co-autor principal (pessoa individual) | |
| Apelido | Rocha |
| Nome | Natércia |
| -- | 070 |
| Datas | 1924- |
| 701 #1 - Co-autor principal (pessoa individual) | |
| Apelido | Menéres |
| Nome | Maria Alberta |
| -- | 070 |
| Datas | 1930- |
| 700 #1 - Autor principal (pessoa individual) | |
| Apelido | Correia |
| Nome | Carlos |
| -- | 070 |
| 996 ## - ISO2709 | |
| -- | 0007185 |
| -- | 8P-3 COR Juv. |
| -- | 00000000 |
| -- | 00000000 |
| -- | BMVA |
| -- | 1 |
| -- | Aguiar |
| -- | Literatura Juvenil |
| -- | 2 |
| -- | Livro |
| -- | 0 |
| -- | 1 |
| 996 ## - ISO2709 | |
| -- | 0024766 |
| -- | COR Juv |
| -- | 00000000 |
| -- | 00000000 |
| -- | BMVAAL |
| -- | 3 |
| -- | Alcáçovas |
| -- | Literatura Juvenil |
| -- | 2 |
| -- | Livro |
| -- | 0 |
| -- | 1 |
| 990 ## - Elementos KOHA | |
| Tipo de documento | Livro |
| Situação do levantamento | Estado | Biblioteca de origem | Biblioteca de empréstimo | Código de barras | Cota | Permissão de empréstimo | Tipo de documento | Nota relativa ao exemplar |
|---|---|---|---|---|---|---|---|---|
| Completo | Biblioteca Municipal de Viana Do Alentejo | Biblioteca Municipal de Viana Do Alentejo Pólo Aguiar | 0009501 | 82-93 COR | Disponível | Livro | 10-15 anos | |
| Completo | Biblioteca Municipal de Viana Do Alentejo Pólo Alcáçovas | Biblioteca Municipal de Viana Do Alentejo Pólo Alcáçovas | 0002226AL | 82-93 COR | Disponível | Livro | 10-15 anos |